Diagnóstico de la redacción en español de estudiantes cabécares en relación con la enseñanza de la escritura según el Programa de Estudios de Español del MEP, para el análisis de sus habilidades de escritura con el fin de determinar metodologías para el mejoramiento de la producción escrita en el Liceo Rural de Kabebata
Uloženo v:
| Hlavní autor: | |
|---|---|
| Médium: | Kniha |
| Jazyk: | Spanish |
| Vydáno: |
San José, Costa Rica
Universidad de Costa Rica, Escuela de Formación Docente, Escuela de Filología, Lingüística y Literatura
2020
|
| Témata: | |
| Tagy: |
Přidat tag
Žádné tagy, Buďte první, kdo vytvoří štítek k tomuto záznamu!
|
MARC
| LEADER | 00000nam a2200000Ia 4500 | ||
|---|---|---|---|
| 008 | 170316s9999 xx 000 0 spa d | ||
| 040 | |a cru BVZT | ||
| 090 | |a TESIS 962 | ||
| 100 | |a Peirano Cisterna, Claudia |9 1574 | ||
| 245 | |a Diagnóstico de la redacción en español de estudiantes cabécares en relación con la enseñanza de la escritura según el Programa de Estudios de Español del MEP, para el análisis de sus habilidades de escritura con el fin de determinar metodologías para el mejoramiento de la producción escrita en el Liceo Rural de Kabebata |c / Claudia Peirano Cisterna | ||
| 260 | |a San José, Costa Rica | ||
| 260 | |b Universidad de Costa Rica, Escuela de Formación Docente, Escuela de Filología, Lingüística y Literatura | ||
| 260 | |c 2020 | ||
| 300 | |a 219 páginas | ||
| 650 | |a TRABAJO FINAL DE GRADUACIÓN |9 237 | ||
| 650 | |a DIAGNÓSTICO DE LA REDACCIÓN |9 1575 | ||
| 650 | |a ESPAÑOL DE ESTUDIANTES CABÉCARES |9 1576 | ||
| 650 | |a ENSEÑANZA DE LA ESCRITURA - PROGRAMA DE ESTUDIOS DE ESPAÑOL DEL MEP |9 1577 | ||
| 650 | |a ANÁLISIS DE LA ESCRITURA DE ESTUDIANTES |9 1578 | ||
| 650 | |a METODOLOGÍAS PARA MEJORAMIENTO DE LA PRODUCCIÓN ESCRITA - LICEO RURAL DE KABEBATA |9 1579 | ||
| 942 | |c TFG |2 z |h TESIS 962 |i 1368TES |6 TESIS_962_1368TES | ||
| 999 | |c 30972 |d 30972 | ||
